000 00488nam a2200193Ia 4500
003 LK-CoDNM
005 20240913135719.0
008 010623t xxu||||| |||| 00| 1 eng d
040 _aLK-CoDNM
_dLK-CoDNM
_eLK-CoDNM
041 _aeng
080 _a14
_bG43
100 _aPieris,Ralph.
245 _aSinhalese Social Organization : The Kandyan Period
260 _bCeylon University Press
_aColombo
300 _b311p. : 22 cm
650 _aCaste
650 _aVillage
942 _cBK
999 _c135636
_d135636